Estado y autonomía de la sociedad civil / (Registro nro. 5158)

Detalles MARC
000 -LEADER
fixed length control field 01259nam a2200301Ia 4500
003 - CONTROL NUMBER IDENTIFIER
control field OSt
005 - DATE AND TIME OF LATEST TRANSACTION
control field 20200407015509.0
008 - FIXED-LENGTH DATA ELEMENTS--GENERAL INFORMATION
fixed length control field 191128s1996 ck gr 000 0 spa d
020 ## - INTERNATIONAL STANDARD BOOK NUMBER
International Standard Book Number 9589272711
040 ## - CATALOGING SOURCE
Original cataloging agency CO-JMCR
Transcribing agency CO-JMCR
041 0# - LANGUAGE CODE
Language code of text/sound track or separate title spa
082 04 - DEWEY DECIMAL CLASSIFICATION NUMBER
Classification number 322 /
Item number O131e
Edition number 21
100 1# - MAIN ENTRY--PERSONAL NAME
Personal name Obregón Sabogal, Orlando,
Relator term autor
9 (RLIN) 2626
245 10 - TITLE STATEMENT
Title Estado y autonomía de la sociedad civil /
Statement of responsibility, etc. Orlando Obregón Sabogal, Diego Restrepo Londoño, Pedro Santana Rodríguez y [1 más]
250 ## - EDITION STATEMENT
Edition statement Primera edición
260 ## - PUBLICATION, DISTRIBUTION, ETC.
Place of publication, distribution, etc. Bogotá :
Name of publisher, distributor, etc. Fescol,
Date of publication, distribution, etc. 1996
300 ## - PHYSICAL DESCRIPTION
Extent 68 páginas ;
Dimensions 21 cm.
490 0# - SERIES STATEMENT
Series statement Debate laboral
504 ## - BIBLIOGRAPHY, ETC. NOTE
Bibliography, etc. note Bibliografía: página 68
505 0# - FORMATTED CONTENTS NOTE
Formatted contents note Acción gubernamental y participación social -- Estado, movimientos sociales y organizaciones civiles -- Las ONG, los movimientos sociales y las organizaciones civiles -- Estado y sociedad : hacia un concenso básico nacional
650 14 - SUBJECT ADDED ENTRY--TOPICAL TERM
Topical term or geographic name entry element Sociedad civil--Colombia
9 (RLIN) 2629
650 14 - SUBJECT ADDED ENTRY--TOPICAL TERM
Topical term or geographic name entry element Participación social
9 (RLIN) 2630
Geographic subdivision Colombia
650 14 - SUBJECT ADDED ENTRY--TOPICAL TERM
Topical term or geographic name entry element Movimientos sociales
9 (RLIN) 2631
Geographic subdivision Colombia
650 14 - SUBJECT ADDED ENTRY--TOPICAL TERM
Topical term or geographic name entry element Organizaciones no gubernamentales
9 (RLIN) 2632
Geographic subdivision Colombia
700 1# - ADDED ENTRY--PERSONAL NAME
Personal name Restrepo Londoño, Diego,
Relator term autor
9 (RLIN) 2633
700 1# - ADDED ENTRY--PERSONAL NAME
Personal name Santana Rodríguez, Pedro,
Relator term autor
9 (RLIN) 2634
942 ## - ADDED ENTRY ELEMENTS (KOHA)
Source of classification or shelving scheme Dewey Decimal Classification
Koha item type Books
Existencias
Withdrawn status Lost status Source of classification or shelving scheme Damaged status Not for loan Collection code Home library Current library Shelving location Date acquired Source of acquisition Cost, normal purchase price Full call number Barcode Date last seen Copy number Koha item type
    Dewey Decimal Classification     Non-fiction Biblioteca Pública José María del Castillo y Rada Biblioteca Pública José María del Castillo y Rada General Stacks 04/15/2018 Donación 0.00 322 / O131e 201810442 05/16/2024 Ej.1 Books